Materials prices continue to push up building costs (Record no. 80576)
[ view plain ]
| 000 -LEADER | |
|---|---|
| fixed length control field | 01129cab a22001815a 4500 |
| 001 - CONTROL NUMBER | |
| control field | L144755 |
| 008 - FIXED-LENGTH DATA ELEMENTS--GENERAL INFORMATION | |
| fixed length control field | 080808e20080619xxkdo f s 000 0 eng d |
| 035 ## - SYSTEM CONTROL NUMBER | |
| System control number | (Sirsi) u144755 |
| 041 0# - LANGUAGE CODE | |
| Language code of text/sound track or separate title | eng |
| 100 1# - MAIN ENTRY--PERSONAL NAME | |
| Personal name | Spackman, Juliet |
| 245 00 - TITLE STATEMENT | |
| Title | Materials prices continue to push up building costs |
| 260 ## - PUBLICATION, DISTRIBUTION, ETC. | |
| Date of publication, distribution, etc. | 2008 |
| 490 ## - SERIES STATEMENT | |
| Series statement | Construction News |
| Volume/sequential designation | (7023) 19 June 2008, 16-17(2) |
| 520 ## - SUMMARY, ETC. | |
| Summary, etc. | Article looks at the continuing rise in material prices, stating that contractor's input costs have jumped by 9.5% since June 2007. The higher than average costs have largely been caused by increases in commodity costs, including bricks, oil and metals. Positive indicators include a slight drop in timber costs and modest rises in labour costs. There are suggestions, however, that EU investment in eastern Europe and the weak pound mean that the UK is no longer as attractive a prospect for overseas workers. Reduced numbers of overseas workers could lead to labour cost inflation, which would have adverse effects for the construction sector. |
| 651 #4 - SUBJECT ADDED ENTRY--GEOGRAPHIC NAME | |
| Geographic name | United Kingdom |
| Chronological subdivision | |
| 690 ## - LOCAL SUBJECT ADDED ENTRY--TOPICAL TERM (OCLC, RLIN) | |
| Topical term or geographic name as entry element | BUILT ENVIRONMENT-BUILDING COSTS |
| 942 ## - ADDED ENTRY ELEMENTS (KOHA) | |
| Suppress in OPAC | 0 |
| Withdrawn status | Lost status | Source of classification or shelving scheme | Damaged status | Not for loan | Home library | Current library | Shelving location | Date acquired | Total Checkouts | Full call number | Barcode | Date last seen | Copy number | Price effective from | Koha item type |
|---|---|---|---|---|---|---|---|---|---|---|---|---|---|---|---|
| Dewey Decimal Classification | London | London | Journal article | 08/08/2008 | L144755 | 144755-1001 | 06/08/2019 | 1 | 06/08/2019 | Journal article |